Responses for Show #6743 - Wednesday, January 1, 2014

Jerry Slowik game 5.

Contestants

[<< previous game]

John Coulter, a creative director from Henderson, Nevada

Bridget O'Donnell, a law enforcement specialist from Burlington, Vermont

Jerry Slowik, a writer from Arlington Heights, Illinois (whose 4-day cash winnings total $98,800)

[next game >>]

Jeopardy! Round responses

NATIONAL MEMORIALS
DYLAN SONGS IN OTHER WORDS
(Alex: ...talking about Bob Dylan.)
ROMAN ARCHITECTURE TERMS
PORTRAITS IN HISTORY
GUESS WHAT I'VE GOT?
"O-M-G"!
(Alex: Each response will contain those three letters in that order.)
    $200 26
Martin Luther King, Jr.

Jerry
    $200 15
"Blowin' In The Wind"

Bridget
    $200 9
an auditorium

Jerry
    $200 4
Henry VIII

John
    $200 21
Post-it notes

Jerry
    $200 1
homecoming

Jerry
    $400 27
(Bridget: What is the Vietnam War?)

the Korean War

JerryBridget
    $400 16
"Like A Rolling Stone"

Jerry
    $400 10
a bath

Jerry
    $400 5
John Adams

Jerry
    $400 22
Tic Tacs

Jerry
    $400 2
programming language

Jerry
    $600 28
Polish

Jerry
    $600 17
"Lay Lady Lay"

Bridget
    $600 11
dining room

Triple Stumper
    $600 6
Voltaire

Bridget
    $600 23
buffalo head

Bridget
    $600 3
Bloomingdale's

Triple Stumper
    $800 29
El Paso

John
    $800 18
"Knockin' On Heaven's Door"

Jerry
    $800 12
aqueducts

Jerry
    $800 7
Pizarro

John
    $800 24
(Jerry: What is 4-H?)

Phi Beta Kappa

JerryBridget
    $800 14
non-smoking

John
    $1000 30
the Lincoln Memorial

John
    $1000 19
"Mr. Tambourine Man"

Jerry
    $1000 13
(John: What is the academy?)

a shrine

John
Triple Stumper
    $1,000 8
(John: He's a red shirt. [chuckles] Who is... I don't know.)

Garibaldi

John
    $1000 25
Montblanc

Bridget
    $1000 20
Wyoming

John

Scores at the first commercial break (after clue 14):

Jerry Bridget John
$2,400 $600 -$200

Scores at the end of the Jeopardy! Round:

Jerry Bridget John
$5,600 $3,400 $2,600

Double Jeopardy! Round responses

WRITERS IN PRISON
WHICH CABLE NETWORK?
GEOGRAPHIC NAME CHANGES
BOTANY
STANDARD TIME DIFFERENCES
TAKE A WALK ON THE MILD SIDE
    $400 9
Stalin

Jerry
    $400 14
Comedy Central

Jerry
    $400 20
Istanbul

Jerry
    $400 6
thorns

John
    $400 26
6:00 a.m.

Jerry
    $400 1
still

Jerry
    $7,200 10
Jack London

Jerry
    $800 15
MTV

Jerry
    $800 19
(Bridget: What is Egypt?)
...
(Alex: I believe you misspoke, Bridget. You knew that.)
(Bridget: I did, indeed.)

Ethiopia

Bridget
Triple Stumper
    $800 7
rainforest

Bridget
    $800 27
10:00 a.m.

Jerry
    $800 2
the soft palate

Triple Stumper
    $1200 11
Thomas More

Jerry
    $1200 16
TBS

Jerry
    $1200 21
Oslo

Bridget
    $1200 8
(Jerry: What is a karat?)
(Bridget: What is a centimeter?)

a gram

JerryBridget
Triple Stumper
    $1200 28
five

Bridget
    $1200 3
gracious

John
    $1600 12
the War of the Roses

Bridget
    $1600 17
AMC (American Movie Classics)

Bridget
    $1600 22
[ERRATUM: "Awhile" should have read "a while".]

Madagascar

Triple Stumper
    $1600 24
a gardenia

Triple Stumper
    $1600 29
six hours

Bridget
    $1600 4
fair

John
    $2000 13
Dostoyevsky

Jerry
    $2000 18
USA

Bridget
    $2000 23
South Africa

Bridget
    $3,400 25
(Bridget: What is I have absolutely no idea?)

Carolus Linnaeus

Bridget
    $2000 30
seven

Triple Stumper
    $2000 5
(Jerry: What is [*]? [*]man?)
(Alex: [*]man -- the distinguished [*]man, usually.)

gentle

Jerry

Scores at the end of the Double Jeopardy! Round:

Jerry Bridget John
$21,600 $10,000 $5,800
(lock game)

[wagering suggestions for these scores]

Final Jeopardy! Round responses

NONPROFIT ORGANIZATIONS
(Alex: [To Jerry] And he came up with the correct one--[*], for Technology, Entertainment, and Design.)
...
(Alex: He's good. We're going to need some really good... contestants to challenge him tomorrow.)
JohnWhat is NSA?
$5,001
BridgetWhat is GMC
$4,200
JerryWhat is TED?
$1,400
TED

Final scores:

Jerry Bridget John
$23,000 $5,800 $799
5-day champion: $121,800 2nd place: $2,000 3rd place: $1,000

Game dynamics:

Coryat scores:

Jerry Bridget John
$15,200 $13,400 $6,800
26 R
(including 1 DD),
2 W
14 R,
4 W
(including 1 DD)
9 R,
2 W
(including 1 DD)

Combined Coryat: $35,400

[game clues] [game scores] [suggest correction]

Game tape date: 2013-10-09
The J! Archive is created by fans, for fans. Scraping, republication, monetization, and malicious use prohibited; this site may use cookies and collect identifying information. See terms. The Jeopardy! game show and all elements thereof, including but not limited to copyright and trademark thereto, are the property of Jeopardy Productions, Inc. and are protected under law. This website is not affiliated with, sponsored by, or operated by Jeopardy Productions, Inc. Join the discussion at JBoard.tv.